000 00336nam a2200145 i 4500
001 bg
100 1 _aSEMKOW, Jarosław
245 0 _aEkonomia a ekologia /
_cJ. Semkow.
250 _aWyd.2 rozsz. i zakt.
260 _aWarszawa,
_c1989.
040 _cBPK
041 _apol
942 _cKS
008 s pl f |000 0 pol
999 _c10271
_d10271
856 _uhttp://koha.tu.koszalin.pl/cgi-bin/koha/opac-detail.pl?biblionumber=10271
_yKatalog online BPK